00872nam a2200181 a 450000500170000000800410001705000220005810000250008024500540010526000370015930000280019650000990022452002540032365000210057765000490059865000330064765000100068020140414093840.0071002s19uu xx 00 eng d aDVD 820bSHA 1999 aShakespeare, William aA midsummer night's dream /cWilliam Shakespeare. aSl :b20th. Century Fox,cc1999. a1 video disk (120 min.) aCast: Everett, Rupert, Flockhark, Calista, Kline, Kevin, Pffeifer, michelle and tucci, Stanley aSummary: Two pairs of star crossed lovers, atroop of inept amateur actors, a feuding pair of superntural sprites and a love potion gone awry all come together in an enchanted moolit forest, the result is an unequalled mixture of merriment and magic. aFilm adaptation. aShakespear, William, 1564-1616xAdaptations. aInternational Baccalaureate. aFilm.